000 01043cam a22003254a 4500
001 11761713
003 OSt
005 20140311163202.0
008 990727s2000 nyua c 000 0 eng
010 _a 99042690
020 _a9780439579407
035 _a(DLC) 99042690
040 _aDLC
_cDLC
_dDLC
042 _apcc
_alcac
050 0 0 _aQL 125.5
_b.B47 2000
100 1 _aBerger, Melvin.
_94942
245 1 0 _aDive! :
_ba book of deep sea creatures /
_cMelvin Berger.
260 _aNew York :
_bScholastic Inc.,
_c2000.
300 _a47 p. :
_bcol. ill. ;
_c23 cm.
521 _aG3
526 _c520
650 0 _aDeep-sea animals
_vJuvenile literature.
_923030
650 1 _aMarine animals.
_922778
906 _a7
_bcbc
_corignew
_d1
_eocip
_f19
_gy-gencatlg
942 _2lcc
_cBK
999 _c42517
_d42517